<?xml version="1.0" encoding="UTF-8"?>
<record
    xmlns:xsi="http://www.w3.org/2001/XMLSchema-instance"
    xsi:schemaLocation="http://www.loc.gov/MARC21/slim http://www.loc.gov/standards/marcxml/schema/MARC21slim.xsd"
    xmlns="http://www.loc.gov/MARC21/slim">

  <leader>01305nam a22002657a 4500</leader>
  <controlfield tag="001">6126</controlfield>
  <controlfield tag="003">FISKH</controlfield>
  <controlfield tag="005">20250317123628.0</controlfield>
  <controlfield tag="008">250317b        cb ||||| |||| 00| 0 eng d</controlfield>
  <datafield tag="020" ind1=" " ind2=" ">
    <subfield code="a">9789995081447</subfield>
  </datafield>
  <datafield tag="040" ind1=" " ind2=" ">
    <subfield code="a">FISKH</subfield>
    <subfield code="b">Khmer and English</subfield>
    <subfield code="c">FISKH</subfield>
    <subfield code="d">FISKH</subfield>
  </datafield>
  <datafield tag="050" ind1=" " ind2=" ">
    <subfield code="a">PZ7</subfield>
  </datafield>
  <datafield tag="082" ind1=" " ind2=" ">
    <subfield code="a">610&#x200B;</subfield>
  </datafield>
  <datafield tag="100" ind1=" " ind2=" ">
    <subfield code="a">Save Cambodia's Wildlife</subfield>
  </datafield>
  <datafield tag="245" ind1=" " ind2=" ">
    <subfield code="a">&#x1780;&#x1798;&#x17D2;&#x179A;&#x1784;&#x17AF;&#x1780;&#x179F;&#x17B6;&#x179A;&#x179F;&#x17B7;&#x1780;&#x17D2;&#x179F;&#x17B6;&#x200B; &#x1793;&#x17C3;&#x1794;&#x17D2;&#x179A;&#x1791;&#x17C1;&#x179F;&#x1780;&#x1798;&#x17D2;&#x1796;&#x17BB;&#x1787;&#x17B6; :</subfield>
    <subfield code="b">The school Atlas of Cambodia save Cambodia's wildlife /</subfield>
    <subfield code="c">By Save Cambodia's Wildlife</subfield>
  </datafield>
  <datafield tag="260" ind1=" " ind2=" ">
    <subfield code="a">Phnom Penh :</subfield>
    <subfield code="b">Save Cambodia's Wildlife /</subfield>
    <subfield code="c">2006. </subfield>
  </datafield>
  <datafield tag="300" ind1=" " ind2=" ">
    <subfield code="a">53 pages : </subfield>
    <subfield code="b">color illustrations , maps ;</subfield>
    <subfield code="c">30 cm . </subfield>
  </datafield>
  <datafield tag="520" ind1=" " ind2=" ">
    <subfield code="a">&#x179F;&#x17C0;&#x179C;&#x1797;&#x17C5;&#x1793;&#x17C1;&#x17C7;&#x1787;&#x17B6;&#x179F;&#x17C0;&#x179C;&#x1797;&#x17C5;&#x179F;&#x17B7;&#x1780;&#x17D2;&#x179F;&#x17B6;&#x1798;&#x17BD;&#x1799;&#x178A;&#x17C2;&#x179B;&#x1795;&#x17D2;&#x178F;&#x17C4;&#x178F;&#x1791;&#x17C5;&#x179B;&#x17BE;&#x1796;&#x178F;&#x17CF;&#x1798;&#x17B6;&#x1793; &#x179F;&#x17D2;&#x178F;&#x17B8;&#x17A2;&#x17C6;&#x1796;&#x17B8;&#x1794;&#x179A;&#x17B7;&#x179F;&#x17D2;&#x1790;&#x17B6;&#x1793; &#x179F;&#x17BB;&#x1781;&#x1797;&#x17B6;&#x1796;&#x200B;&#x200B; &#x1793;&#x17B7;&#x1784;&#x1780;&#x178F;&#x17D2;&#x178F;&#x17B6;&#x1795;&#x17D2;&#x179F;&#x17C1;&#x1784;&#x17D7;&#x200B;&#x17D4;</subfield>
  </datafield>
  <datafield tag="520" ind1=" " ind2=" ">
    <subfield code="a">This book is a textbook that focuses on information about the environment, health, and other factors.</subfield>
  </datafield>
  <datafield tag="650" ind1=" " ind2=" ">
    <subfield code="a">&#x1780;&#x1798;&#x17D2;&#x179A;&#x1784;&#x17AF;&#x1780;&#x179F;&#x17B6;&#x179A;&#x179F;&#x17B7;&#x1780;&#x17D2;&#x179F;&#x17B6;&#x200B; &#x1793;&#x17C3;&#x1794;&#x17D2;&#x179A;&#x1791;&#x17C1;&#x179F;&#x1780;&#x1798;&#x17D2;&#x1796;&#x17BB;&#x1787;&#x17B6; </subfield>
  </datafield>
  <datafield tag="650" ind1=" " ind2=" ">
    <subfield code="a">Cambodia study guide</subfield>
  </datafield>
  <datafield tag="700" ind1=" " ind2=" ">
    <subfield code="a">Manika, Kerri </subfield>
    <subfield code="e">illustrator </subfield>
  </datafield>
  <datafield tag="942" ind1=" " ind2=" ">
    <subfield code="2">ddc</subfield>
    <subfield code="c">BK</subfield>
    <subfield code="n">0</subfield>
  </datafield>
  <datafield tag="999" ind1=" " ind2=" ">
    <subfield code="c">6126</subfield>
    <subfield code="d">6126</subfield>
  </datafield>
  <datafield tag="952" ind1=" " ind2=" ">
    <subfield code="0">0</subfield>
    <subfield code="1">0</subfield>
    <subfield code="2">ddc</subfield>
    <subfield code="4">0</subfield>
    <subfield code="7">0</subfield>
    <subfield code="8">Khmer-English Bilingual </subfield>
    <subfield code="a">002</subfield>
    <subfield code="b">002</subfield>
    <subfield code="c">SKB</subfield>
    <subfield code="d">2025-03-17</subfield>
    <subfield code="l">0</subfield>
    <subfield code="o">SAV PZ7 610 </subfield>
    <subfield code="p">2025-0788</subfield>
    <subfield code="r">2025-03-17 12:36:24</subfield>
    <subfield code="w">2025-03-17</subfield>
    <subfield code="y">BK</subfield>
  </datafield>
</record>
